[Event "AUTO-INT-2374"]
[Site "http://www.queenalice.com/game.php?id=1130074"]
[Date "2012.12.10"]
[Round "2"]
[White "GustavoFS"]
[Black "maxcot13"]
[Result "0-1"]
[WhiteElo "1727"]
[BlackElo "1880"]

1. e4 e5 2. Nf3 Nc6 3. Nc3 Bc5 4. Na4 b6 5. Nxc5 bxc5 6. d3 d6 7. Be2 Be6 8. Ng5
Bd7 9. Bh5 g6 10. Bg4 Nf6 11. Bxd7+ Nxd7 12. Qf3 O-O 13. Nh3 Rb8 14. Bh6 Re8 15.
Ng5 f6 16. Nh3 Nd4 17. Qd1 Rxb2 18. O-O Rxc2 19. Be3 Rb2 20. f4 exf4 21. Nxf4 f5
22. Bxd4 cxd4 23. Rb1 Rxb1 24. Qc2 Rxf1+ 25. Kxf1 Ne5 26. Nd5 fxe4 27. Qb3 Kh8
28. a4 e3 29. Ke2 Qg5 30. g3 Qg4+ 31. Ke1 Nf3+ 32. Kf1 Nd2+ 0-1

[Event "AUTO-INT-2374"]
[Site "http://www.queenalice.com/game.php?id=1130075"]
[Date "2012.12.10"]
[Round "2"]
[White "maxcot13"]
[Black "GustavoFS"]
[Result "1-0"]
[WhiteElo "1869"]
[BlackElo "1738"]

1. d4 d5 2. c4 Qd6 3. Nc3 dxc4 4. Nf3 Nf6 5. e4 Ng4 6. Bxc4 Nc6 7. Nb5 Qd7 8.
Bf4 e5 9. Bg3 Na5 10. Qc2 Nxc4 11. Qxc4 c6 12. Nc3 b5 13. Qb3 h6 14. Rd1 Qb7 15.
dxe5 Be6 16. Qc2 Bb4 17. O-O Bxa2 18. b3 Bxb3 19. Qxb3 a5 20. h3 h5 21. hxg4
hxg4 22. Ng5 c5 23. Nxb5 O-O 24. Nd6 Qa7 25. e6 a4 26. Qc4 Qe7 27. exf7+ Kh8 28.
Qd5 Rad8 29. Ne6 c4 30. Qh5# 1-0

[Event "AUTO-OPEN-2741"]
[Site "http://www.queenalice.com/game.php?id=1136426"]
[Date "2013.1.2"]
[Round "2"]
[White "rpalmero"]
[Black "maxcot13"]
[Result "1-0"]
[WhiteElo "1935"]
[BlackElo "1880"]

1. c4 Nf6 2. d4 d6 3. Nc3 c5 4. Nf3 Bg4 5. h3 Bf5 6. Bg5 h6 7. Bxf6 exf6 8. e4
Bg6 9. d5 Be7 10. Bd3 a6 11. Qc2 Nd7 12. O-O O-O 13. Nh4 Ne5 14. Nxg6 Nxg6 15.
f4 Qd7 16. Be2 Rab8 17. Rae1 b6 18. Bg4 Qd8 19. a3 b5 20. cxb5 axb5 21. b3 Nh8
22. f5 c4 23. bxc4 bxc4 24. a4 Qc8 25. Rb1 g6 26. fxg6 Qc5+ 27. Kh2 Nxg6 28. Rb5
Rxb5 29. Nxb5 Ne5 30. Bf5 Kg7 31. Rb1 Qe3 32. a5 Qf4+ 33. Kh1 Kh8 34. a6 Nd3 35.
Qxc4 Nf2+ 36. Kg1 Rg8 37. Rf1 Bd8 38. Qd4 1-0

[Event "AUTO-OPEN-2741"]
[Site "http://www.queenalice.com/game.php?id=1136427"]
[Date "2013.1.2"]
[Round "2"]
[White "maxcot13"]
[Black "rpalmero"]
[Result "1-0"]
[WhiteElo "1792"]
[BlackElo "1958"]

1. d4 Nf6 2. c4 e6 3. Nc3 c5 4. Nf3 cxd4 5. Qxd4 Nc6 6. Qd1 a6 7. Bf4 Bc5 8. a3
b6 9. e4 Bb7 10. b4 Nxb4 11. axb4 Bxb4 12. Rc1 Nxe4 13. Qd3 Nxc3 14. Rxc3 Bxc3+
15. Qxc3 a5 16. Qxg7 Rf8 17. Bd6 1-0

[Event "AUTO-OPEN-2741"]
[Site "http://www.queenalice.com/game.php?id=1136432"]
[Date "2013.1.2"]
[Round "2"]
[White "maxcot13"]
[Black "Champignac"]
[Result "1-0"]
[WhiteElo "1890"]
[BlackElo "1925"]

1. e4 e5 2. Nc3 Nf6 3. Bc4 Bc5 4. Nf3 O-O 5. d3 h6 6. Nxe5 d6 7. Nf3 Bg4 8. O-O
Nbd7 9. Bd2 Ne5 10. Kh1 Nxf3 11. gxf3 Bh3 12. Rg1 Nh5 13. Bxh6 Qf6 14. Bg5 Qe5
15. f4 Nxf4 16. Bxf4 Qxf4 17. d4 Bb6 18. f3 Bxd4 19. Rg3 Be6 20. Qxd4 Qh6 21.
Rag1 1-0

[Event "AUTO-OPEN-2741"]
[Site "http://www.queenalice.com/game.php?id=1136433"]
[Date "2013.1.2"]
[Round "2"]
[White "Champignac"]
[Black "maxcot13"]
[Result "0-1"]
[WhiteElo "1938"]
[BlackElo "1879"]

1. e4 e5 2. f4 exf4 3. Nf3 g5 4. Bc4 g4 5. O-O gxf3 6. Qxf3 Qf6 7. Nc3 Qd4+ 8.
Kh1 Qxc4 9. d3 Qe6 10. Bxf4 Bg7 11. Bxc7 Nc6 12. Nd5 Nge7 13. c3 O-O 14. Nf4 Qh6
15. d4 Ng6 16. Nd5 Kh8 17. Nf6 Nh4 18. Qf2 b6 19. Ng4 Qh5 20. Nf6 Qh6 21. Bd6
Ba6 22. Bxf8 Rxf8 23. Nxd7 Bxf1 24. Qxf1 Nd8 25. Nxf8 Bxf8 26. e5 Qg6 27. Re1
Kg8 28. Re3 Ne6 29. Rg3 Ng5 30. Rg4 Kh8 31. Rxh4 Kg7 32. Rg4 Be7 33. h3 h5 34.
Rg3 h4 35. Rg4 Qh5 36. d5 Kh6 37. Qa6 Nh7 38. Qxa7 Qxe5 39. Qxb6+ Kh5 40. Qf2
Ng5 41. Qxh4+ Kg6 42. Qf2 Bd6 43. Qc2+ Kh5 44. g3 Qxd5+ 45. Kg1 Bc5+ 46. Kf1
Qf3+ 47. Ke1 Qe3+ 48. Kd1 Qg1+ 49. Kd2 Nf3+ 50. Kd3 Ne1+ 0-1

[Event "AUTO-INT-2383"]
[Site "http://www.queenalice.com/game.php?id=1148630"]
[Date "2013.2.4"]
[Round "2"]
[White "maxcot13"]
[Black "MsJARDEAN"]
[Result "1-0"]
[WhiteElo "1872"]
[BlackElo "1662"]

1. e4 e5 2. Nc3 f5 3. exf5 d5 4. Qh5+ Ke7 5. Nf3 e4 6. Ne5 Qe8 7. Nxd5+ Kd8 8.
Qxe8+ Kxe8 9. Nxc7+ Ke7 10. Nxa8 Kf6 11. Ng4+ Kxf5 12. Ne3+ 1-0

[Event "AUTO-INT-2383"]
[Site "http://www.queenalice.com/game.php?id=1148631"]
[Date "2013.2.4"]
[Round "2"]
[White "MsJARDEAN"]
[Black "maxcot13"]
[Result "0-1"]
[WhiteElo "1633"]
[BlackElo "1866"]

1. e4 c5 2. c4 Nc6 3. Nf3 d6 4. Nc3 Bg4 5. h3 Bh5 6. g4 Bg6 7. d3 e5 8. Nd5 h6
9. g5 h5 10. h4 Nge7 11. b3 Nxd5 12. cxd5 Be7 0-1

[Event "AUTO-INT-2383"]
[Site "http://www.queenalice.com/game.php?id=1148632"]
[Date "2013.2.4"]
[Round "2"]
[White "maxcot13"]
[Black "vult0"]
[Result "0-1"]
[WhiteElo "1894"]
[BlackElo "1798"]

1. d4 d5 2. Nc3 e6 3. Nf3 Bb4 4. a3 Ba5 5. Bd2 Ne7 6. g3 O-O 7. e4 c6 8. Bd3 Ng6
9. e5 Nd7 10. Bxg6 fxg6 11. Bg5 Bxc3+ 12. bxc3 Qa5 13. Bd2 Qb5 14. Rb1 Qa5 15.
Ng5 Re8 16. O-O Qd8 17. h4 Nb6 18. Nf3 Nc4 19. Bg5 Qd7 20. Qc1 Qf7 21. Nd2 Nxd2
22. Qxd2 b5 23. Kg2 a5 24. Qe2 Ba6 25. Rfe1 Rf8 26. Qe3 a4 27. Qd2 Rac8 28. Be3
Qf3+ 29. Kg1 Rf5 30. Bf4 Rcf8 31. Re3 Qg4 32. Kg2 Rxf4 33. Kh2 Rxf2+ 0-1

[Event "AUTO-INT-2383"]
[Site "http://www.queenalice.com/game.php?id=1148633"]
[Date "2013.2.4"]
[Round "2"]
[White "vult0"]
[Black "maxcot13"]
[Result "0-1"]
[WhiteElo "1750"]
[BlackElo "1868"]

1. e4 e5 2. Nf3 Nc6 3. Bb5 Nf6 4. O-O Bc5 5. d3 O-O 6. Bg5 d6 7. Nbd2 Bg4 8. c3
h6 9. Be3 Bxe3 10. fxe3 Ne7 11. Ba4 c6 12. d4 a5 13. Bc2 b5 14. Qe1 Rb8 15. Qg3
Ng6 16. b3 c5 17. d5 c4 18. a3 Qd7 19. b4 Nh5 20. Qe1 Qa7 21. Kh1 Kh8 22. Qe2 a4
23. Qf2 Nf6 24. Rae1 Ne7 25. Qg3 Qd7 26. Nh4 Nh5 27. Qf2 Kg8 28. Ndf3 g5 29. Nf5
Nxf5 30. exf5 Bxf5 31. Nd2 Bxc2 32. e4 Bd3 33. Rg1 Nf4 0-1

[Event "Piauí Chess Ope"]
[Site "http://www.queenalice.com/game.php?id=1174078"]
[Date "2013.4.22"]
[Round "4"]
[White "maxcot13"]
[Black "lincolnmarley"]
[Result "1/2-1/2"]
[WhiteElo "1874"]
[BlackElo "1731"]

1. d4 Nf6 2. c4 g6 3. Bg5 Bg7 4. Nc3 O-O 5. e4 d6 6. Bd3 Nbd7 7. f4 e5 8. d5 Re8
9. b4 exf4 10. Nf3 h6 11. Bxf4 1/2-1/2

[Event "Challenge"]
[Site "http://www.queenalice.com/game.php?id=1187191"]
[Date "2013.6.2"]
[Round "-"]
[White "filomenos"]
[Black "maxcot13"]
[Result "1-0"]
[WhiteElo "1968"]
[BlackElo "1892"]

1. d4 d5 2. g3 Nf6 3. Bg2 c5 4. c3 Nc6 5. dxc5 e5 6. b4 a6 7. Bb2 Bf5 8. Nd2 Be7
9. a3 O-O 10. Ngf3 h6 11. O-O e4 12. Nh4 Bd7 13. Bh1 Qc8 14. f3 e3 15. Nb1 Re8
16. Ng2 Bd8 17. Qd3 Ne5 18. Qc2 Nc4 19. Qd3 Nxb2 20. Qd4 Bh3 21. Re1 Nc4 22. a4
Bc7 23. Na3 Be5 24. Qd3 Bf5 25. Qd1 Bxc3 26. Nxc4 dxc4 27. Rf1 Bd2 28. Ne1 Qc7
29. Ra2 c3 30. Nc2 Rad8 31. Qa1 Bxc2 32. Rxc2 Nd5 33. f4 Nxb4 34. Rxd2 cxd2 35.
Rb1 Qxc5 36. Rd1 Nc2 37. Qb2 Nd4 38. Qxb7 1-0

[Event "Challenge"]
[Site "http://www.queenalice.com/game.php?id=1187196"]
[Date "2013.6.2"]
[Round "-"]
[White "maxcot13"]
[Black "filomenos"]
[Result "0-1"]
[WhiteElo "1912"]
[BlackElo "1995"]

1. d4 d5 2. c4 c6 3. Nc3 dxc4 4. e4 b5 5. Nf3 Bb7 6. Be2 g6 7. O-O Bg7 8. Bf4 a6
9. a3 Nd7 10. Re1 Ngf6 11. e5 Nd5 12. Ng5 Nxf4 13. Bg4 O-O 14. e6 fxe6 15. Bxe6+
Kh8 16. Nf7+ Rxf7 17. Bxf7 c5 18. d5 Nd3 19. Re2 Nxb2 20. Rxb2 Bxc3 21. Rab1
Bxb2 22. Rxb2 Nf6 23. Be6 Qd6 24. Re2 Bxd5 25. Bh3 Rd8 26. f3 Bf7 27. Qe1 Qd1
28. Qxd1 Rxd1+ 29. Kf2 Nd5 30. Be6 Bxe6 31. Rxe6 c3 32. Re2 b4 0-1

[Event "AUTO-OPEN-2741"]
[Site "http://www.queenalice.com/game.php?id=1196057"]
[Date "2013.7.1"]
[Round "3"]
[White "maxcot13"]
[Black "rsgaspar"]
[Result "0-1"]
[WhiteElo "1877"]
[BlackElo "2436"]

1. d4 d5 2. c4 e6 3. Nc3 Nf6 4. c5 Be7 5. Nf3 O-O 6. Bf4 b6 7. b4 a5 8. a3 Ne4
9. Nxe4 dxe4 10. Ne5 f6 11. Nc4 axb4 12. cxb6 cxb6 13. e3 bxa3 14. Be2 b5 15.
Nd2 e5 16. dxe5 Qd5 17. O-O fxe5 18. Bg3 Rd8 19. Qb3 Qxb3 20. Nxb3 Be6 21. Nc1
b4 22. Bxe5 Nc6 23. Bd4 Nxd4 0-1

[Event "AUTO-OPEN-2741"]
[Site "http://www.queenalice.com/game.php?id=1196058"]
[Date "2013.7.1"]
[Round "3"]
[White "rsgaspar"]
[Black "maxcot13"]
[Result "1-0"]
[WhiteElo "2429"]
[BlackElo "1879"]

1. e4 d6 2. Nf3 e5 3. d4 Bg4 4. dxe5 Bxf3 5. Qxf3 dxe5 6. Qg3 Nc6 7. Bb5 Qf6 8.
Bg5 Qe6 9. Bxc6+ bxc6 10. O-O f6 11. Be3 g6 12. Nd2 Bg7 13. Nb3 Ne7 14. Nc5 Qf7
15. Qh3 O-O 16. Ne6 Rfe8 17. Nxc7 Kh8 18. Nxa8 Rxa8 19. Rfd1 f5 20. Rd7 Qe6 21.
Rad1 h5 22. Bc5 Bf6 23. b3 Re8 24. R1d6 Qf7 25. exf5 1-0